<?xml version="1.0" encoding="UTF-8"?>
<record
    xmlns:xsi="http://www.w3.org/2001/XMLSchema-instance"
    xsi:schemaLocation="http://www.loc.gov/MARC21/slim http://www.loc.gov/standards/marcxml/schema/MARC21slim.xsd"
    xmlns="http://www.loc.gov/MARC21/slim">

  <leader>01965    a2200193   4500</leader>
  <controlfield tag="001">36389</controlfield>
  <controlfield tag="005">20260407155639.0</controlfield>
  <controlfield tag="008">260407a1968    arg                 spa d</controlfield>
  <controlfield tag="003">AR-UNSa-BCEJYS</controlfield>
  <datafield tag="040" ind1=" " ind2=" ">
    <subfield code="a">AR-UNSa-BCEJYS</subfield>
    <subfield code="b">spa</subfield>
    <subfield code="c">AR-UNSa-BCEJYS</subfield>
  </datafield>
  <datafield tag="080" ind1=" " ind2=" ">
    <subfield code="a">658.01</subfield>
    <subfield code="x">Metodolog&#xED;a. Teor&#xED;a y pr&#xE1;ctica de la organizaci&#xF3;n( teoria de la organizaci&#xF3;n, an&#xE1;lisis organizacional...)</subfield>
  </datafield>
  <datafield tag="245" ind1="1" ind2="0">
    <subfield code="a">Principios de organizaci&#xF3;n y administraci&#xF3;n</subfield>
    <subfield code="p">teor&#xED;a moderna de la administraci&#xF3;n</subfield>
  </datafield>
  <datafield tag="264" ind1=" " ind2="1">
    <subfield code="a">M&#xE9;xico :</subfield>
    <subfield code="b">Limusa-Wiley</subfield>
    <subfield code="c">1968</subfield>
  </datafield>
  <datafield tag="300" ind1=" " ind2=" ">
    <subfield code="a">751 p.</subfield>
    <subfield code="c">24 cm.</subfield>
  </datafield>
  <datafield tag="505" ind1=" " ind2=" ">
    <subfield code="a">I. El problema de la administraci&#xF3;n: Pasado y presente : 1. Perspectiva preliminar - 2. Hacia la administraci&#xF3;n cient&#xED;fica - 3. El modelo resultante - 4. El proceso administrativo - II. Organizaci&#xF3;n para la administraci&#xF3;n: 5. La estructura de la organizaci&#xF3;n - 6. Departamentalizaci&#xF3;n - 7. Relaciones funcionales"l&#xED;nea-staff" - 8. Centralizaci&#xF3;n y descentralizaci&#xF3;n - 9. Organizaci&#xF3;n por comit&#xE9;s - 10. Consejos de administraci&#xF3;n y otros comit&#xE9;s - III. Organizaci&#xF3;n administrativa: aspectos realcionados con la conducta: 11. Autoridad "status" y poder - 12. Din&#xE1;mica de la organizaci&#xF3;n - 13. De la organizaci&#xF3;n al proceso - IV: Estrategias de planeaci&#xF3;n: 14. La funsi&#xF3;n decisoria - 15. Factores ambientales - 16. Planeaci&#xF3;n din&#xE1;mica I - 17. Planeaci&#xF3;n din&#xE1;mica II - V: Comunicaci&#xF3;n y conrol : 18. Informaci&#xF3;n y comunicaci&#xF3;n - 19. Medios de comunicaci&#xF3;n: Redacci&#xF3;n de mensajes y recepci&#xF3;n - 20. Planeaci&#xF3;n presupuestal y sistemas de control para contabilidad - 21. Sistemas especializados de informaci&#xF3;n - VI: Direcci&#xF3;n y motivaci&#xF3;n : 22. El problema de la motivaci&#xF3;n - 23. Direcci&#xF3;n din&#xE1;mica - 24. La responsabilidad de la administraci&#xF3;n - VII: Desarrollo ejecutivo:25. Cualidades y educaci&#xF3;n del ejecutivo - 26. Programas de empresa para desarrollo de ejecutivos.</subfield>
  </datafield>
  <datafield tag="942" ind1=" " ind2=" ">
    <subfield code="c">BK</subfield>
  </datafield>
  <datafield tag="590" ind1=" " ind2=" ">
    <subfield code="a">niveau_biblio:m niveau_hierar:0</subfield>
  </datafield>
  <datafield tag="100" ind1="1" ind2=" ">
    <subfield code="a">Albers, Henry H.</subfield>
  </datafield>
  <datafield tag="999" ind1=" " ind2=" ">
    <subfield code="c">2643</subfield>
    <subfield code="d">2643</subfield>
  </datafield>
  <datafield tag="952" ind1=" " ind2=" ">
    <subfield code="0">0</subfield>
    <subfield code="1">0</subfield>
    <subfield code="4">0</subfield>
    <subfield code="7">0</subfield>
    <subfield code="a">BCEJYS</subfield>
    <subfield code="b">BCEJYS</subfield>
    <subfield code="c">16</subfield>
    <subfield code="d">2026-04-07</subfield>
    <subfield code="l">0</subfield>
    <subfield code="o">658.01 A329</subfield>
    <subfield code="p">L12452</subfield>
    <subfield code="r">2026-04-07 15:56:39</subfield>
    <subfield code="w">2026-04-07</subfield>
    <subfield code="y">L</subfield>
  </datafield>
  <datafield tag="952" ind1=" " ind2=" ">
    <subfield code="0">0</subfield>
    <subfield code="1">0</subfield>
    <subfield code="4">0</subfield>
    <subfield code="7">0</subfield>
    <subfield code="a">BCEJYS</subfield>
    <subfield code="b">BCEJYS</subfield>
    <subfield code="c">16</subfield>
    <subfield code="d">2026-04-07</subfield>
    <subfield code="l">0</subfield>
    <subfield code="o">658.01 A329</subfield>
    <subfield code="p">L12451</subfield>
    <subfield code="r">2026-04-07 15:56:39</subfield>
    <subfield code="w">2026-04-07</subfield>
    <subfield code="y">L</subfield>
  </datafield>
</record>
